Relationship Marketing in Tourism: a Bibliometric Overview

Vedecký vývoj vzťahového marketingu vo vzťahu k cestovnému ruchu do roku 2018. Údaje z hlavnej zbierky Web of Science (WOS) a porovnanie 1565 vedeckých výstupov. Bibliometrická analýza založená na princípe neurónovej siete. Bibliografická analýza a jej grafické znázornenie, ktoré môže pomôcť výskumn...

Full description

Saved in:
Bibliographic Details
Main Author: Rigelský, Martin
Other Authors: Ivanková, Viera
Format: Book Chapter
Language:English
Subjects:
Tags: Add Tag
No Tags, Be the first to tag this record!

MARC

LEADER 00000naa a2200000 4500
001 0273607
005 20210722134115.6
041 0 |a eng 
044 |a SK 
245 1 0 |a Relationship Marketing in Tourism: a Bibliometric Overview  |c Martin Rigelský, Viera Ivanková 
520 |a Vedecký vývoj vzťahového marketingu vo vzťahu k cestovnému ruchu do roku 2018. Údaje z hlavnej zbierky Web of Science (WOS) a porovnanie 1565 vedeckých výstupov. Bibliometrická analýza založená na princípe neurónovej siete. Bibliografická analýza a jej grafické znázornenie, ktoré môže pomôcť výskumníkom a odborníkom lepšie pochopiť súčasný stav poznatkov vo vedeckej oblasti. Aktivity podporujúce rozvoj vzťahového marketingu v cestovnom ruchu s ohľadom na preukázateľný pozitívny vplyv na tento segment. 
610 2 0 |a ruch cestovný 
610 2 0 |a marketing vzťahový 
610 2 0 |a bibliometria 
610 2 0 |a práce výskumné 
100 1 |a Rigelský, Martin 
700 1 |a Ivanková, Viera